[Event "CUB-ch 60th"]
[Site "Holguin"]
[Date "2024.02.14"]
[Round "10"]
[White "Rodriguez Hernandez, Luis Daniel"]
[Black "Borges Matos, Juan R"]
[Result "1/2-1/2"]
[WhiteElo "2386"]
[BlackElo "2371"]
[PlyCount "66"]
[EventDate "2024.02.05"]
[EventType "swiss"]
[EventRounds "10"]
[EventCountry "CUB"]
[SourceTitle "CB10_2024"]
[SourceDate "2024.03.06"]
[SourceVersion "1"]
[SourceVersionDate "2024.03.06"]
[SourceQuality "1"]

1. e4 e6 2. d4 d5 3. Nd2 b6 4. c3 Nf6 5. e5 Nfd7 6. Nh3 Ba6 7. Bxa6 Nxa6 8. Qa4 Qc8 9. 0-0 c5 10. Nf4 Nc7 11. Qd1 Qa6 12. c4 dxc4 13. d5 exd5 14. Qf3 0-0-0 15. Nxd5 Qb7 16. Ne3 Qxf3 17. Nxf3 b5 18. a4 a6 19. axb5 axb5 20. Rd1 Re8 21. Nd5 Nxd5 22. Rxd5 Nb6 23. Rd1 Na4 24. Nd2 Rd8 25. Re1 Rd4 26. Nxc4 Rxc4 27. b3 Rb4 28. bxa4 Rxa4 29. Rxa4 bxa4 30. Re4 Be7 31. Ba3 Rd8 32. Kf1 Rd3 33. Rxa4 Kd7 1/2-1/2

[Event "CUB-ch 60th"]
[Site "Holguin"]
[Date "2024.02.12"]
[Round "8"]
[White "Rodriguez Hernandez, Luis Daniel"]
[Black "Espinosa Veloz, Ermes"]
[Result "1/2-1/2"]
[WhiteElo "2386"]
[BlackElo "2490"]
[PlyCount "59"]
[EventDate "2024.02.05"]
[EventType "swiss"]
[EventRounds "10"]
[EventCountry "CUB"]
[SourceTitle "CB10_2024"]
[SourceDate "2024.03.06"]
[SourceVersion "1"]
[SourceVersionDate "2024.03.06"]
[SourceQuality "1"]

1. e4 c5 2. Nf3 Nc6 3. Bb5 e6 4. Bxc6 bxc6 5. d3 Ne7 6. Qe2 Ng6 7. h4 Qc7 8. h5 Nf4 9. Qf1 e5 10. Bxf4 exf4 11. Qe2 Rb8 12. Nbd2 Be7 13. e5 0-0 14. h6 g6 15. Ne4 Rxb2 16. 0-0 Qa5 17. Qd1 Rxa2 18. Rb1 Ba6 19. Qc1 Qc7 20. Ra1 Qa5 21. Rxa2 Qxa2 22. Qxf4 Qxc2 23. Nf6+ Kh8 24. Ng5 Qxd3 25. Ra1 Bc4 26. Rxa7 Be6 27. Ngxh7 Rb8 28. Ng5 Qd4 29. Nxe6 fxe6 30. Qg5 1/2-1/2

[Event "CUB-ch 60th"]
[Site "Holguin"]
[Date "2024.02.08"]
[Round "4"]
[White "Rodriguez Hernandez, Luis Daniel"]
[Black "Perez Rodriguez, Cesar Alejandro"]
[Result "1-0"]
[WhiteElo "2386"]
[BlackElo "2331"]
[PlyCount "77"]
[EventDate "2024.02.05"]
[EventType "swiss"]
[EventRounds "10"]
[EventCountry "CUB"]
[SourceTitle "CB10_2024"]
[SourceDate "2024.03.06"]
[SourceVersion "1"]
[SourceVersionDate "2024.03.06"]
[SourceQuality "1"]

1. e4 c5 2. Nf3 d6 3. d4 cxd4 4. Nxd4 Nf6 5. Nc3 a6 6. Be3 e5 7. Nb3 Be6 8. f3 h5 9. Qd2 Nbd7 10. 0-0-0 Rc8 11. Kb1 Be7 12. h4 b5 13. Bg5 Qc7 14. a3 0-0 15. g4 hxg4 16. fxg4 Bxg4 17. Be2 Bxe2 18. Qxe2 d5 19. Nxd5 Nxd5 20. exd5 f6 21. Bc1 Nb6 22. h5 Rf7 23. h6 g5 24. Qd3 Bd6 25. Rdf1 Kh8 26. Nd2 Na4 27. Ne4 Rcf8 28. Be3 a5 29. b3 Nc5 30. Bxc5 Bxc5 31. d6 Qb6 32. Qd5 Bxa3 33. d7 Qd8 34. Nxg5 Re7 35. Ne6 Rxe6 36. Qxe6 Be7 37. Rhg1 f5 38. h7 Kxh7 39. Qg6+ 1-0

[Event "CUB-ch 60th"]
[Site "Holguin"]
[Date "2024.02.05"]
[Round "1"]
[White "Albornoz Cabrera, Carlos Daniel"]
[Black "Rodriguez Hernandez, Luis Daniel"]
[Result "1-0"]
[WhiteElo "2603"]
[BlackElo "2386"]
[PlyCount "63"]
[EventDate "2024.02.05"]
[EventType "swiss"]
[EventRounds "10"]
[EventCountry "CUB"]
[SourceTitle "CB10_2024"]
[SourceDate "2024.03.06"]
[SourceVersion "1"]
[SourceVersionDate "2024.03.06"]
[SourceQuality "1"]

1. e4 e5 2. Nf3 Nf6 3. Nxe5 d6 4. Nf3 Nxe4 5. d4 d5 6. Bd3 Bd6 7. 0-0 0-0 8. c4 c6 9. Re1 Bf5 10. Qb3 Qd7 11. Nh4 Be6 12. Qc2 Qd8 13. g3 Qf6 14. Nc3 Nxc3 15. Bxh7+ Kh8 16. bxc3 dxc4 17. Be4 Nd7 18. Nf3 g6 19. Bg5 Qg7 20. Bxg6 Bg4 21. Qe4 Bxf3 22. Qh4+ Kg8 23. Bf5 Bd5 24. Bh6 Qf6 25. Qg4+ Kh8 26. Qh5 Kg8 27. Bf4 Qg7 28. Bxd6 Nb6 29. Bxf8 Kxf8 30. Re3 Nc8 31. Qh4 Nb6 32. Rae1 1-0

[Event "Titled Tuesday intern op 28th Feb Early"]
[Site "Chess.com INT"]
[Date "2023.02.28"]
[Round "3"]
[White "Ipek, Egehan"]
[Black "Rodriguez Hernandez, Luis Daniel"]
[Result "0-1"]
[WhiteElo "2135"]
[BlackElo "2423"]
[PlyCount "48"]
[EventDate "2023.02.28"]
[EventType "swiss (blitz)"]
[EventRounds "11"]
[EventCountry "USA"]
[SourceTitle "CBM 213 Extra"]
[Source "ChessBase"]
[SourceDate "2023.05.31"]
[SourceVersion "1"]
[SourceVersionDate "2023.05.31"]
[SourceQuality "1"]

1. d4 Nf6 2. c4 c5 3. d5 b5 4. cxb5 a6 5. bxa6 g6 6. Nc3 Bg7 7. e4 0-0 8. Nf3 Qa5 9. Be2 Bxa6 10. 0-0 d6 11. Bg5 Nbd7 12. Qd2 Rfb8 13. Rfb1 Nxe4 14. Nxe4 Qxd2 15. Nfxd2 Bxe2 16. Bxe7 Bxb2 17. Bxd6 Rb6 18. Bxc5 Nxc5 19. Nxc5 Rb5 20. a4 Rxc5 21. Rxb2 Rxa4 22. Re1 Rxd5 23. Ne4 Rxe4 24. f3 Bxf3 0-1

[Event "Titled Tuesday intern op 28th Feb Early"]
[Site "Chess.com INT"]
[Date "2023.02.28"]
[Round "5"]
[White "Kuzmin, Roman"]
[Black "Rodriguez Hernandez, Luis Daniel"]
[Result "1-0"]
[WhiteElo "2249"]
[BlackElo "2423"]
[PlyCount "69"]
[EventDate "2023.02.28"]
[EventType "swiss (blitz)"]
[EventRounds "11"]
[EventCountry "USA"]
[SourceTitle "CBM 213 Extra"]
[Source "ChessBase"]
[SourceDate "2023.05.31"]
[SourceVersion "1"]
[SourceVersionDate "2023.05.31"]
[SourceQuality "1"]

1. e4 e5 2. Nf3 Nc6 3. Bb5 a6 4. Ba4 Nf6 5. 0-0 Be7 6. Re1 b5 7. Bb3 d6 8. c3 0-0 9. h3 Na5 10. Bc2 c5 11. d4 Nd7 12. Nbd2 exd4 13. cxd4 Nc6 14. Nf1 cxd4 15. Nxd4 Nxd4 16. Qxd4 Ne5 17. Ne3 Bxh3 18. f4 Bh4 19. Rd1 Ng4 20. gxh3 Nf2 21. Nf5 Nxh3+ 22. Kg2 Bf6 23. Qe3 Qc8 24. Bb3 g6 25. Nh6+ Kg7 26. Qxh3 Qxh3+ 27. Kxh3 Kxh6 28. Rxd6 Be7 29. Rd7 Rae8 30. Be3 Kg7 31. Rc1 Bd8 32. Bd4+ Kh6 33. Kg4 f5+ 34. exf5 gxf5+ 35. Kf3 1-0

[Event "Titled Tuesday intern op 28th Feb Early"]
[Site "Chess.com INT"]
[Date "2023.02.28"]
[Round "6"]
[White "Zhukova, Natalia"]
[Black "Rodriguez Hernandez, Luis Daniel"]
[Result "0-1"]
[WhiteElo "2322"]
[BlackElo "2423"]
[PlyCount "68"]
[EventDate "2023.02.28"]
[EventType "swiss (blitz)"]
[EventRounds "11"]
[EventCountry "USA"]
[SourceTitle "CBM 213 Extra"]
[Source "ChessBase"]
[SourceDate "2023.05.31"]
[SourceVersion "1"]
[SourceVersionDate "2023.05.31"]
[SourceQuality "1"]

1. c4 e6 2. Nc3 d5 3. d4 Bb4 4. a3 Bxc3+ 5. bxc3 Nf6 6. e3 0-0 7. cxd5 Nxd5 8. Qc2 c5 9. Bd3 h6 10. Nf3 Nc6 11. 0-0 b6 12. c4 Nf6 13. Bb2 Ba6 14. Rfd1 cxd4 15. exd4 Rc8 16. Qe2 Na5 17. Rac1 Qd6 18. Ne5 Rfd8 19. Qe3 Qe7 20. h3 Rc7 21. Rc2 Rdc8 22. Qe2 Nd5 23. Qe4 Nf6 24. Qe2 Qe8 25. Rdc1 Nb3 26. Rd1 Na5 27. Rdc1 Qa4 28. d5 exd5 29. Ng4 Ne4 30. Bxe4 dxe4 31. Qxe4 Rxc4 32. Nxh6+ Kf8 33. Qf5 Qe8 34. Rxc4 Rxc4 0-1

[Event "La Habana Isla"]
[Site "La Habana"]
[Date "2022.11.04"]
[Round "5"]
[White "Rodriguez Hernandez, Luis Daniel"]
[Black "Cofre Archibold, Nestor"]
[Result "1/2-1/2"]
[WhiteElo "2427"]
[BlackElo "2323"]
[PlyCount "178"]
[EventDate "2022.11.01"]
[EventType "tourn"]
[EventRounds "9"]
[EventCountry "CUB"]
[EventCategory "4"]
[SourceTitle "EXT 2024"]
[Source "ChessBase"]
[SourceDate "2023.10.10"]
[SourceVersion "1"]
[SourceVersionDate "2023.10.10"]
[SourceQuality "1"]

1. e4 c5 2. Nc3 Nc6 3. Bb5 Nd4 4. Nf3 g6 5. Ba4 Bg7 6. 0-0 a6 7. Nxd4 cxd4 8. Ne2 e6 9. d3 Ne7 10. Bf4 b5 11. Bb3 d5 12. f3 Bb7 13. a4 dxe4 14. fxe4 Nc6 15. Qd2 Qa5 16. Qc1 b4 17. Bd6 Be5 18. Bxe5 Qxe5 19. Qh6 Na5 20. Nf4 0-0-0 21. Nh3 Rd7 22. Qg5 Qxg5 23. Nxg5 Nxb3 24. cxb3 f5 25. Nxe6 fxe4 26. Rac1+ Kb8 27. Nc5 Rc7 28. Nxb7 Rxb7 29. dxe4 Re8 30. Rf4 Rd7 31. Kf2 g5 32. Rg4 Re5 33. h4 gxh4 34. Kf3 Rh5 35. Rg8+ Ka7 36. Kg4 Re5 37. Kf4 Ree7 38. Rg5 d3 39. Ke3 Rb7 40. Rd1 Rg7 41. Rxg7 Rxg7 42. Kxd3 Rxg2 43. Kc4 Rg4 44. Rd7+ Kb6 45. Re7 h3 46. Rxh7 Rxe4+ 47. Kd3 Rg4 48. Rxh3 a5 49. Rh6+ Kb7 50. Re6 Rh4 51. Re5 Kb6 52. Rb5+ Ka6 53. Rd5 Kb6 54. Rd6+ Kb7 55. Re6 Rg4 56. Re4 Rg6 57. Kc4 Kc6 58. Rh4 Rf6 59. Kd4 Rd6+ 60. Kc4 Rg6 61. Rf4 Rh6 62. Rg4 Rf6 63. Re4 Rh6 64. Kd4 Rd6+ 65. Ke3 Rh6 66. Rc4+ Kd5 67. Rd4+ Kc5 68. Rc4+ Kd5 69. Kd2 Rh2+ 70. Kc1 Rh1+ 71. Kc2 Rh2+ 72. Kb1 Rh1+ 73. Ka2 Kd6 74. Rc8 Rg1 75. Ra8 Rg5 76. Rc8 Rc5 77. Rh8 Kc6 78. Kb1 Kb6 79. Rh4 Kc6 80. Rh6+ Kd5 81. Ra6 Ke5 82. Rg6 Kd5 83. Rg4 Ke5 84. Rc4 Rxc4 85. bxc4 b3 86. Kc1 Kd4 87. Kd2 Kxc4 88. Ke3 Kb4 89. Kd4 Kxa4 1/2-1/2

[Event "Guillermo Garcia Memorial op"]
[Site "Santa Clara"]
[Date "2022.05.08"]
[Round "8"]
[White "Rodriguez Hernandez, Luis Daniel"]
[Black "Gallo Garcia, Kemel Antonio"]
[Result "1-0"]
[WhiteElo "2403"]
[BlackElo "2379"]
[PlyCount "87"]
[EventDate "2022.04.30"]
[EventType "swiss"]
[EventRounds "9"]
[EventCountry "CUB"]
[SourceTitle "CBM 208 Extra"]
[Source "ChessBase"]
[SourceDate "2022.07.31"]
[SourceVersion "1"]
[SourceVersionDate "2022.07.31"]
[SourceQuality "1"]

1. e4 e5 2. Nf3 Nc6 3. Bb5 a6 4. Bxc6 dxc6 5. 0-0 Bg4 6. h3 h5 7. d3 Qf6 8. Be3 Bxf3 9. Qxf3 Qxf3 10. gxf3 Bd6 11. Nd2 Ne7 12. Nc4 f6 13. f4 exf4 14. Nxd6+ cxd6 15. Bxf4 Kd7 16. Kh2 g5 17. Be3 Rhg8 18. f4 Ke6 19. fxg5 fxg5 20. Rg1 g4 21. hxg4 hxg4 22. Kg3 Ng6 23. Bd4 Raf8 24. Raf1 Rf3+ 25. Rxf3 gxf3 26. Kxf3 Ne5+ 27. Ke2 Rxg1 28. Bxg1 c5 29. c3 Nc6 30. a3 Kd7 31. Ke3 Ke6 32. Kd2 b5 33. c4 bxc4 34. dxc4 Ne5 35. Kc3 Kd7 36. Bh2 Ng4 37. Bg3 Kc6 38. Kd3 Kd7 39. Ke2 Ke6 40. b4 cxb4 41. axb4 Kd7 42. Kd3 Kc6 43. Kd4 Nf6 44. Bxd6 1-0

[Event "Guillermo Garcia Memorial op"]
[Site "Santa Clara"]
[Date "2022.05.04"]
[Round "5"]
[White "Rodriguez Hernandez, Luis Daniel"]
[Black "Ramos Silvera, Roberto Alejandro"]
[Result "1-0"]
[WhiteElo "2403"]
[BlackElo "2287"]
[PlyCount "61"]
[EventDate "2022.04.30"]
[EventType "swiss"]
[EventRounds "9"]
[EventCountry "CUB"]
[SourceTitle "CBM 208 Extra"]
[Source "ChessBase"]
[SourceDate "2022.07.31"]
[SourceVersion "1"]
[SourceVersionDate "2022.07.31"]
[SourceQuality "1"]

1. d4 Nf6 2. Bg5 Ne4 3. Bf4 c5 4. f3 Nf6 5. dxc5 Na6 6. e4 Nxc5 7. Nc3 d6 8. Qd2 e5 9. Bb5+ Ncd7 10. Bg5 a6 11. Bxd7+ Bxd7 12. Nd5 Be6 13. 0-0-0 Bxd5 14. Bxf6 Qxf6 15. Qxd5 Be7 16. Kb1 0-0 17. Ne2 b5 18. Qd2 b4 19. Ng3 g6 20. Nf1 Qe6 21. h4 d5 22. exd5 Qb6 23. Ne3 Rac8 24. Ng4 Qd6 25. Rhe1 Rfe8 26. f4 Bxh4 27. fxe5 Bxe1 28. Rxe1 Qf8 29. Nf6+ Kg7 30. Rh1 Rxe5 31. Nd7 1-0

[Event "Titled Tuesday intern op 31st Aug"]
[Site "Chess.com INT"]
[Date "2021.08.31"]
[Round "10"]
[White "Dzagnidze, Nana"]
[Black "Rodriguez Hernandez, Luis Daniel"]
[Result "1-0"]
[WhiteElo "2523"]
[BlackElo "2385"]
[PlyCount "73"]
[EventDate "2021.08.31"]
[EventType "swiss (blitz)"]
[EventRounds "11"]
[EventCountry "USA"]
[SourceTitle "EXT 2022"]
[Source "ChessBase"]
[SourceDate "2021.10.06"]
[SourceVersion "1"]
[SourceVersionDate "2021.10.06"]
[SourceQuality "1"]

1. d4 Nf6 2. c4 g6 3. Nf3 Bg7 4. Nc3 0-0 5. g3 d6 6. Bg2 Nc6 7. 0-0 Bg4 8. h3 Bxf3 9. Bxf3 Nd7 10. e3 e5 11. dxe5 Ndxe5 12. Be2 Qd7 13. Kg2 Na5 14. Qd5 b6 15. Rd1 Rad8 16. Qb5 Qe6 17. Qa6 Nexc4 18. Nd5 Qe4+ 19. Bf3 Qc2 20. e4 Ne5 21. Qe2 Qa4 22. b3 Nxb3 23. axb3 Qxa1 24. Bb2 Qa5 25. Nxc7 Qb4 26. Qe3 Nxf3 27. Bxg7 Kxg7 28. Qxf3 Rc8 29. Nd5 Qc5 30. Qf6+ Kh6 31. Qh4+ Kg7 32. Qf6+ Kh6 33. g4 Qc2 34. g5+ Kh5 35. Qf3+ Kxg5 36. Qf4+ Kh5 37. Nf6# 1-0

[Event "Titled Tuesday intern op 31st Aug"]
[Site "Chess.com INT"]
[Date "2021.08.31"]
[Round "4"]
[White "Hryshchenko, Kamila"]
[Black "Rodriguez Hernandez, Luis Daniel"]
[Result "1/2-1/2"]
[WhiteElo "2006"]
[BlackElo "2385"]
[PlyCount "268"]
[EventDate "2021.08.31"]
[EventType "swiss (blitz)"]
[EventRounds "11"]
[EventCountry "USA"]
[SourceTitle "EXT 2022"]
[Source "ChessBase"]
[SourceDate "2021.10.06"]
[SourceVersion "1"]
[SourceVersionDate "2021.10.06"]
[SourceQuality "1"]

1. e4 e5 2. Nf3 Nc6 3. Bb5 a6 4. Ba4 Nf6 5. d4 Nxd4 6. Nxd4 exd4 7. e5 Ne4 8. Qxd4 Nc5 9. Bb3 d6 10. 0-0 Nxb3 11. axb3 Be6 12. Bf4 c5 13. Qe3 d5 14. Qg3 h6 15. Nd2 g5 16. Be3 d4 17. Ne4 dxe3 18. Nf6+ Ke7 19. Qxe3 Qd4 20. Qf3 Qxe5 21. Rfe1 Qb8 22. Nd5+ Ke8 23. Qf6 Rh7 24. Rad1 Bd6 25. Rxe6+ fxe6 26. Qxe6+ Kf8 27. Qf6+ Kg8 28. Qg6+ Rg7 29. Qe6+ Kf8 30. Qf6+ Kg8 31. Qe6+ Rf7 32. Qg6+ Rg7 33. Nf6+ Kf8 34. Qxh6 Qc7 35. Rxd6 Kf7 36. Ne4 Ke7 37. Qf6+ Ke8 38. Re6+ Re7 39. Nd6+ Kd8 40. Qf8+ Kd7 41. Qxe7+ Kc6 42. Qxc7+ Kxc7 43. Ne4 Kd7 44. Rg6 Rd8 45. f3 Kc7 46. Kf2 b6 47. Rxg5 Rd1 48. h4 Rc1 49. h5 Rxc2+ 50. Kg3 Rc1 51. Kh2 Rd1 52. h6 Rd8 53. h7 Rh8 54. Rh5 Kd7 55. g4 Ke6 56. Kg3 Kf7 57. g5 Kg6 58. Rh6+ Kg7 59. Nf6 a5 60. Rh1 b5 61. Kg4 Kg6 62. f4 a4 63. f5+ Kg7 64. bxa4 bxa4 65. Ra1 Rb8 66. Rxa4 Kh8 67. Ra7 c4 68. Ra5 Rc8 69. g6 Kg7 70. Nh5+ Kh6 71. Ng3 c3 72. bxc3 Rc4+ 73. Kf3 Rxc3+ 74. Kg2 Rc8 75. Kh3 Kg7 76. f6+ Kh6 77. g7 Kxh7 78. f7 Kxg7 79. Ra7 Rh8+ 80. Kg4 Rf8 81. Kf4 Kf6 82. Ke4 Rxf7 83. Nh5+ Kg6 84. Ra6+ Kxh5 85. Re6 Kg5 86. Re5+ Kg4 87. Rd5 Rf4+ 88. Ke5 Ra4 89. Kd6 Ra6+ 90. Kc5 Kf4 91. Kd4 Ra2 92. Kc5 Ke4 93. Rd4+ Ke5 94. Rd5+ Ke6 95. Rd6+ Ke7 96. Rd1 Rc2+ 97. Kb4 Rc8 98. Kb3 Rb8+ 99. Kc4 Ke6 100. Kc3 Ke5 101. Re1+ Kd5 102. Rd1+ Kc5 103. Rh1 Rc8 104. Rh5+ Kd6+ 105. Kd2 Rg8 106. Ke2 Ke6 107. Ke3 Rb8 108. Kd3 Rb3+ 109. Kd4 Rg3 110. Ke4 Rg4+ 111. Kf3 Ra4 112. Ke3 Kf6 113. Rb5 Ra3+ 114. Ke4 Ke6 115. Kd4 Kd6 116. Ke4 Ra1 117. Kf4 Kc6 118. Rh5 Rf1+ 119. Ke4 Kd6 120. Kd4 Rf4+ 121. Ke3 Ra4 122. Kd3 Ke6 123. Ke3 Kf6 124. Kf3 Kg6 125. Rb5 Ra6 126. Ke3 Re6+ 127. Kf3 Kf6 128. Kf4 Rc6 129. Ra5 Rb6 130. Ke4 Rb4+ 131. Kf3 Ke7 132. Ke3 Kd6 133. Kd3 Rb3+ 134. Kc4 Rg3 1/2-1/2

[Event "Titled Tuesday intern op 31st Aug"]
[Site "Chess.com INT"]
[Date "2021.08.31"]
[Round "1"]
[White "Rodriguez Hernandez, Luis Daniel"]
[Black "Yi, Richard"]
[Result "0-1"]
[WhiteElo "2385"]
[BlackElo "2130"]
[PlyCount "68"]
[EventDate "2021.08.31"]
[EventType "swiss (blitz)"]
[EventRounds "11"]
[EventCountry "USA"]
[SourceTitle "EXT 2022"]
[Source "ChessBase"]
[SourceDate "2021.10.06"]
[SourceVersion "1"]
[SourceVersionDate "2021.10.06"]
[SourceQuality "1"]

1. e4 e5 2. Nf3 Nc6 3. Bc4 Bc5 4. b4 Bxb4 5. c3 Bd6 6. 0-0 Nf6 7. d4 0-0 8. Nbd2 b6 9. Bd5 Qe7 10. Nc4 Nxd5 11. exd5 e4 12. Re1 Nd8 13. Ng5 f5 14. f3 Nf7 15. fxe4 Nxg5 16. e5 Ne4 17. exd6 cxd6 18. Bf4 Qf6 19. Rxe4 fxe4 20. Bxd6 Qf2+ 21. Kh1 Ba6 22. Bg3 Qf5 23. Ne3 Qg5 24. Qe1 Rf7 25. c4 Raf8 26. h3 Rc8 27. Rc1 Qg6 28. Kh2 b5 29. Ng4 Qf5 30. c5 Qxd5 31. Ne5 Rf6 32. Qa5 Bb7 33. c6 Bxc6 34. Rc2 h6 0-1

[Event "Titled Tuesday intern op 17th Aug"]
[Site "Chess.com INT"]
[Date "2021.08.17"]
[Round "6"]
[White "Rodriguez Hernandez, Luis Daniel"]
[Black "Alekseenko, Kirill"]
[Result "0-1"]
[WhiteElo "2385"]
[BlackElo "2703"]
[PlyCount "92"]
[EventDate "2021.08.17"]
[EventType "swiss (blitz)"]
[EventRounds "11"]
[EventCountry "USA"]
[SourceTitle "EXT 2022"]
[Source "ChessBase"]
[SourceDate "2021.10.06"]
[SourceVersion "1"]
[SourceVersionDate "2021.10.06"]
[SourceQuality "1"]

1. e4 e5 2. Nf3 Nc6 3. Bc4 Bc5 4. b4 Bxb4 5. c3 Ba5 6. d4 d6 7. dxe5 Nge7 8. Ng5 Nxe5 9. Nxf7 Nxf7 10. Bxf7+ Kxf7 11. Qh5+ Ng6 12. Qxa5 Re8 13. Qd5+ Be6 14. Qxb7 Rb8 15. Qxa7 Bc4 16. Nd2 Bd3 17. Qe3 Ba6 18. c4 Qf6 19. Rb1 Rxb1 20. Nxb1 Bxc4 21. Nd2 Ba6 22. Qb3+ Kf8 23. Bb2 Qg5 24. Qf3+ Kg8 25. h4 Qa5 26. Qc3 Qxc3 27. Bxc3 Nf4 28. f3 Nxg2+ 29. Kf2 Nf4 30. Rb1 h5 31. Bd4 Rf8 32. Be3 Nd3+ 33. Kg3 Ne5 34. Rb4 Be2 35. f4 Ng4 36. Bg1 Ra8 37. a4 c5 38. Rb6 c4 39. Rxd6 Rxa4 40. Bd4 Ra3+ 41. Kg2 c3 42. Nb1 c2 43. Rd8+ Kh7 44. Nxa3 c1Q 45. Rd7 Qf1+ 46. Kg3 Qf3# 0-1

[Event "Titled Tuesday intern op 17th Aug"]
[Site "Chess.com INT"]
[Date "2021.08.17"]
[Round "4"]
[White "Rodriguez Hernandez, Luis Daniel"]
[Black "Kozin, Yuri"]
[Result "1-0"]
[WhiteElo "2385"]
[BlackElo "2251"]
[PlyCount "55"]
[EventDate "2021.08.17"]
[EventType "swiss (blitz)"]
[EventRounds "11"]
[EventCountry "USA"]
[SourceTitle "EXT 2022"]
[Source "ChessBase"]
[SourceDate "2021.10.06"]
[SourceVersion "1"]
[SourceVersionDate "2021.10.06"]
[SourceQuality "1"]

1. e4 c5 2. c3 Nf6 3. e5 Nd5 4. d4 cxd4 5. Nf3 e6 6. Bc4 b6 7. 0-0 Bb7 8. Nxd4 Be7 9. Nd2 d6 10. Bb5+ Kf8 11. Qf3 Qc8 12. exd6 Bxd6 13. Nc4 Be7 14. Re1 Nc7 15. Bc6 Nxc6 16. Nxc6 Nd5 17. N4e5 Bf6 18. Nd4 h5 19. Bg5 h4 20. h3 Kg8 21. Bxf6 Nxf6 22. Qf4 Rh5 23. Nb5 Qd8 24. Rad1 Qf8 25. Nd6 Bd5 26. Ndxf7 Nh7 27. c4 Rf5 28. Qg4 1-0

[Event "Titled Tuesday intern op 17th Aug"]
[Site "Chess.com INT"]
[Date "2021.08.17"]
[Round "9"]
[White "Rodriguez Hernandez, Luis Daniel"]
[Black "Thing, Bibek"]
[Result "1-0"]
[WhiteElo "2385"]
[BlackElo "2190"]
[PlyCount "97"]
[EventDate "2021.08.17"]
[EventType "swiss (blitz)"]
[EventRounds "11"]
[EventCountry "USA"]
[SourceTitle "EXT 2022"]
[Source "ChessBase"]
[SourceDate "2021.10.06"]
[SourceVersion "1"]
[SourceVersionDate "2021.10.06"]
[SourceQuality "1"]

1. e4 e5 2. Nf3 Nc6 3. Bc4 Bc5 4. b4 Bxb4 5. c3 Be7 6. d4 Na5 7. Be2 exd4 8. Qxd4 Nf6 9. e5 Nc6 10. Qh4 Nd5 11. Qg3 g6 12. 0-0 d6 13. Rd1 Nb6 14. c4 Nd7 15. Bh6 Ndxe5 16. Nxe5 Nxe5 17. Bg7 Bf6 18. Bxh8 Bxh8 19. Nc3 Kf8 20. c5 Be6 21. cxd6 cxd6 22. Ne4 d5 23. Ng5 Kg8 24. Rab1 b6 25. Re1 Rc8 26. Ba6 Bf5 27. Rbd1 Rc5 28. h4 Nd7 29. Qd6 h6 30. Nf3 Be6 31. Bd3 Qc7 32. Qxc7 Rxc7 33. Bxg6 Bf6 34. Bh5 Nc5 35. g3 a5 36. Nd4 Bxd4 37. Rxd4 Ne4 38. Bf3 Nf6 39. g4 Rc2 40. g5 hxg5 41. hxg5 Nh7 42. Bxd5 Nxg5 43. Re5 f6 44. Bxe6+ Kg7 45. Rd7+ Kg6 46. Bf5+ Kh5 47. Bxc2 fxe5 48. Rb7 b5 49. Rxb5 1-0

[Event "Titled Tuesday intern op 17th Aug"]
[Site "Chess.com INT"]
[Date "2021.08.17"]
[Round "3"]
[White "Shtyka, Sergey"]
[Black "Rodriguez Hernandez, Luis Daniel"]
[Result "1-0"]
[WhiteElo "2175"]
[BlackElo "2385"]
[PlyCount "61"]
[EventDate "2021.08.17"]
[EventType "swiss (blitz)"]
[EventRounds "11"]
[EventCountry "USA"]
[SourceTitle "EXT 2022"]
[Source "ChessBase"]
[SourceDate "2021.10.06"]
[SourceVersion "1"]
[SourceVersionDate "2021.10.06"]
[SourceQuality "1"]

1. e4 e5 2. Nf3 Nc6 3. Nc3 Nf6 4. Bb5 Bb4 5. 0-0 0-0 6. d3 Bxc3 7. bxc3 Qe7 8. Bg5 Nd8 9. h3 c6 10. Bc4 Ne6 11. Bh4 Nf4 12. Bb3 d6 13. Re1 h6 14. d4 Bxh3 15. gxh3 Qd8 16. Bg3 N6h5 17. Nh2 Nxh3+ 18. Kf1 N3f4 19. dxe5 Qg5 20. Qg4 Qxe5 21. Nf3 Qf6 22. e5 dxe5 23. Rxe5 Nxg3+ 24. fxg3 Ng6 25. Rf5 Qxc3 26. Re1 Nh8 27. Re7 Rae8 28. Qe4 Rxe7 29. Qxe7 b5 30. Ne5 Qd4 31. Bc4 1-0

[Event "Titled Tuesday intern op 10th Aug"]
[Site "Chess.com INT"]
[Date "2021.08.10"]
[Round "2"]
[White "Flores Quillas, Diego Saul Rodrigo"]
[Black "Rodriguez Hernandez, Luis Daniel"]
[Result "0-1"]
[WhiteElo "2245"]
[BlackElo "2385"]
[PlyCount "66"]
[EventDate "2021.08.10"]
[EventType "swiss (blitz)"]
[EventRounds "11"]
[EventCountry "USA"]
[SourceTitle "CBM 203 Extra"]
[Source "ChessBase"]
[SourceDate "2021.09.30"]
[SourceVersion "1"]
[SourceVersionDate "2021.09.30"]
[SourceQuality "1"]

1. e4 e5 2. Nf3 Nc6 3. Bb5 a6 4. Ba4 Nf6 5. 0-0 b5 6. Bb3 Bb7 7. c3 Nxe4 8. d4 exd4 9. Re1 d5 10. Ng5 Qf6 11. Bxd5 Qxf2+ 12. Kh1 0-0-0 13. Nxe4 Qf5 14. c4 bxc4 15. Bxc4 Ne5 16. Ng3 Qf2 17. Bf1 Nf3 18. gxf3 Bxf3+ 19. Qxf3 Qxf3+ 20. Bg2 Qg4 21. Nd2 h5 22. Nde4 h4 23. Nf2 Qg6 24. Nge4 Re8 25. Bd2 h3 26. Bf3 f5 27. Ng3 Bd6 28. Rxe8+ Rxe8 29. Nxf5 Be5 30. Bg4 Kb8 31. Re1 Qf6 32. Ne4 Qc6 33. Bf3 Qc2 0-1

[Event "Titled Tuesday intern op 10th Aug"]
[Site "Chess.com INT"]
[Date "2021.08.10"]
[Round "10"]
[White "Lashkin, Jegor"]
[Black "Rodriguez Hernandez, Luis Daniel"]
[Result "1/2-1/2"]
[WhiteElo "2386"]
[BlackElo "2385"]
[PlyCount "152"]
[EventDate "2021.08.10"]
[EventType "swiss (blitz)"]
[EventRounds "11"]
[EventCountry "USA"]
[SourceTitle "CBM 203 Extra"]
[Source "ChessBase"]
[SourceDate "2021.09.30"]
[SourceVersion "1"]
[SourceVersionDate "2021.09.30"]
[SourceQuality "1"]

1. d4 Nf6 2. c4 g6 3. Nc3 Bg7 4. e4 0-0 5. Be2 d6 6. Nf3 e5 7. Be3 Ng4 8. Bg5 f6 9. Bc1 Nc6 10. 0-0 Bd7 11. h3 Nh6 12. Be3 f5 13. Bg5 Qe8 14. dxe5 fxe4 15. Nxe4 Nxe5 16. Qd2 Bc6 17. Bxh6 Bxe4 18. Bxg7 Kxg7 19. Nd4 a6 20. Rae1 c5 21. Nc2 Qc6 22. Ne3 b5 23. f3 Bf5 24. f4 Nxc4 25. Nxc4 bxc4 26. Bf3 d5 27. Bxd5 Rad8 28. Qc3+ Qf6 29. Bxc4 Qxc3 30. bxc3 Bd3 31. Re7+ Kf6 32. Re6+ Kg7 33. Bxd3 Rxd3 34. Rxa6 Rxc3 35. Rf2 Rf7 36. Kh2 h5 37. g3 c4 38. Rc6 Ra7 39. g4 hxg4 40. hxg4 Rca3 41. Rxc4 Rxa2 42. Rxa2 Rxa2+ 43. Kg3 Ra6 44. Rc7+ Kf6 45. Kh4 g5+ 46. fxg5+ Kg6 47. Rb7 Ra1 48. Rb6+ Kg7 49. g6 Rc1 50. Kh5 Rc5+ 51. g5 Rc7 52. Rf6 Rc1 53. Rf7+ Kg8 54. Rf4 Rh1+ 55. Kg4 Rg1+ 56. Kf5 Rc1 57. Rd4 Rc5+ 58. Kf6 Rc6+ 59. Kf5 Rc5+ 60. Kg4 Kg7 61. Kh5 Rc7 62. Rf4 Rc1 63. Rf7+ Kg8 64. Ra7 Rh1+ 65. Kg4 Rg1+ 66. Kf5 Rf1+ 67. Ke4 Re1+ 68. Kf3 Rg1 69. Kf4 Rf1+ 70. Ke3 Rg1 71. Ra5 Kg7 72. Kf2 Rb1 73. Ra6 Rb5 74. Kf3 Rxg5 75. Kf4 Rxg6 76. Rxg6+ Kxg6 1/2-1/2